| 000 | 00901nam a2200205 i 4500 | ||
|---|---|---|---|
| 001 | 164055 | ||
| 003 | ES-MaACL | ||
| 005 | 20250915063100.0 | ||
| 008 | 020528s1907 sp |||| | spa d | ||
| 040 |
_aCAM _bspa _cCAM |
||
| 100 | 1 |
_aRovira y Serra, Manuel, _d1865-1929 _9132129 |
|
| 245 | 1 | 0 |
_aLucrecia _b: zarzuela en un acto, dividido en tres cuadros / _coriginal y escrito en prosa por Manuel Rovira y Serra; música del maestro Martí Termes. |
| 260 |
_aMadrid : _b[s.n.], _c1907 ( _fR. Velasco imp.) |
||
| 300 |
_a37 p. ; _c20 cm. |
||
| 500 | _aEstrenada en el Teatro de la Zarzuela la noche del 25 de noviembre de 1907. | ||
| 596 | _aEn verso de la antep. consta: "... Sociedad de Autores Españoles ..." | ||
| 700 | 1 |
_aTermes, Martí. _9133184 |
|
| 852 |
_aES-MaACL _jG-3519(5) _z-- Enc. tela, falto de la cub. original _z-- Enc. en un vol. facticio |
||
| 999 |
_c164055 _d164055 |
||